|
|
|
แสดงรายละเอียดบรรณานุกรม |
|
|
Brief Record
: Get Marc (ISO 2709)
: E-mail record
: |
|
|
| LEADER 00000nam 2200000uu 4500 | |||
| 001 13399126429 | |||
| 003 BCNR | |||
| 008 121117s2561 th a 000 0 tha d | |||
| 020 ^a9786164689909 | |||
| 041 0 ^atha | |||
| 050 4 ^aLB1590.3^bน287ว 2561 | |||
| 100 0 ^aนลินี ณ นคร | |||
| 245 10 ^aวิธีการวัดและประเมินการคิดตามสภาพจริง 2 /^cนลินี ณ นคร | |||
| 250 ^aพิมพ์ครั้งที่ 2 | |||
| 260 ^aกรุงเทพฯ :^bสำนักพิมพ์มหาวิทยาลัยสุโขทัย,^c2561 | |||
| 300 ^a154 หน้า :^bตาราง ;^c26 ซม. | |||
| 505 0 ^aการใช้คำถาม -- การสร้างเกณฑ์การประเมิน -- วิธีการวัดและประเมินการคิดในสถานการณ์จริง | |||
| 650 7 ^aความคิดและการคิด^xการประเมิน | |||
| 650 7 ^aการเรียนรู้ | |||
| 650 7 ^aความคิดและการคิด | |||
| 650 7 ^aทักษะทางการคิด | |||
| 999 ^aบรรณารักษ์ | |||
| คุณยังไม่ได้ล็อกอิน คุณสามารถมีกิจกรรมร่วมกับเว็บไซต์ได้ แต่ต้องล็อกอินก่อน :: |
|
| สถานะ | |||||||||
| 1. | หนังสือ | LB1590.3 น287ว 2561 c.1 Barcode: 078117 | ►หนังสือทั่วไป | On Shelf | |||||
| 2. | หนังสือ | LB1590.3 น287ว 2561 c.2 Barcode: 078118 | ►หนังสือทั่วไป | On Shelf | |||||
| 3. | หนังสือ | LB1590.3 น287ว 2561 c.3 Barcode: 078119 | ►หนังสือทั่วไป | On Shelf | |||||
| [แสดง 3/3 รายการ] | |||||||||
| รายการใกล้เคียง ผู้แต่ง [นลินี ณ นคร] หัวเรื่อง [การเรียนรู้]
|
BibComment |
| คอมเมนท์ทรัพยากรรายการนี้ |
|
|